000 01050naa a22002897a 4500
001 BR9700959
003 BR-BrBNA
005 20250721155543.0
007 ta
008 250630b bl.|||m| |||| 00| 0 por d
040 _aBR-BrBNA
_bpor
_cBiblioteca Nacional de Agricultura
041 _a(Pt)
072 _aF01
_b1126
_b3530
090 _aF01 BR9700959
100 1 _aLima, M.M.
100 1 _aPinto, A.C. de Q.
245 1 _aProducao de mudas de abacaxi isentas de fusariose
500 _aProducao de mudas frutiferas sob condicoes do ecossistema de cerrados Planaltina, DF (Brasil): 1996. p. 93-100 [5 ref.] (BR9700959-AMS)
773 0 _tProducao de mudas frutiferas sob condicoes do ecossistema de cerrados
_wF01 BR9700959
_gPlanaltina, DF (Brasil), 1996. p. 93-100
650 _aAbacaxi
650 _aMuda
650 _aPratica Cultural
650 _aFusariose
490 _aDocumentos - Centro de Pesquisa Agropecuaria dos Cerrados (Brazil)
_vno. 62
_xISSN 0102-0021
942 _cAMS
_2AGRIS
909 _a202506
_bLúcia
_c55
_dLúcia Elande
999 _c337200
_d337200